| 000 | 00394nam a22001457a 4500 | ||
|---|---|---|---|
| 020 | _qPB. | ||
| 040 | _cFIZZA ISHAQ | ||
| 082 |
_a526.906 _bJUR |
||
| 100 |
_aPRICE, W.F. UREN J. _989319 |
||
| 245 |
_aSURVEYING FOR ENGINEERS / _cJ. UREN W.F. PRICE. |
||
| 250 | _a5th ED. | ||
| 260 |
_bRED GLOBLE PRESS, _c2010. |
||
| 300 | _a806 P. ; | ||
| 942 |
_2ddc _cBK |
||
| 999 |
_c588095 _d588095 |
||